[Event "AZE-ch (Women)"]
[Site "Baku"]
[Date "2016.03.23"]
[Round "9"]
[White "Katanova, Aynur"]
[Black "Mammadova, Aysel Alishiraz Qiz"]
[Result "0-1"]
[WhiteElo "1747"]
[BlackElo "1871"]
[PlyCount "64"]
[EventDate "2016.03.15"]
[EventType "swiss"]
[EventRounds "9"]
[EventCountry "AZE"]
[SourceTitle "CBM 171 Extra"]
[Source "ChessBase"]
[SourceDate "2016.04.26"]
[SourceVersion "1"]
[SourceVersionDate "2016.04.26"]
[SourceQuality "1"]

1. d4 e6 2. Nf3 Nf6 3. e3 b6 4. g3 Bb7 5. Bg2 Be7 6. 0-0 c5 7. b3 0-0 8. dxc5 bxc5 9. Bb2 Qc7 10. c4 Rd8 11. Nc3 d5 12. cxd5 exd5 13. Rc1 Nbd7 14. Qc2 Rac8 15. Rfd1 Nf8 16. Qf5 Ne6 17. Na4 Qb8 18. Be5 Qa8 19. h4 d4 20. Bxf6 Bxf6 21. exd4 Be4 22. Qg4 h5 23. Qxh5 g6 24. Qg4 Bf5 25. Ne5 Bxg4 26. Bxa8 Bxd1 27. Bb7 Rc7 28. Nc6 Rd6 29. d5 Rxb7 30. dxe6 Rxc6 31. exf7+ Kxf7 32. Rxd1 Bd4 0-1

[Event "AZE-ch (Women)"]
[Site "Baku"]
[Date "2016.03.18"]
[Round "4"]
[White "Katanova, Aynur"]
[Black "Beydullayeva, Govhar"]
[Result "0-1"]
[WhiteElo "1747"]
[BlackElo "1870"]
[PlyCount "124"]
[EventDate "2016.03.15"]
[EventType "swiss"]
[EventRounds "9"]
[EventCountry "AZE"]
[SourceTitle "CBM 171 Extra"]
[Source "ChessBase"]
[SourceDate "2016.04.26"]
[SourceVersion "1"]
[SourceVersionDate "2016.04.26"]
[SourceQuality "1"]

1. d4 d5 2. c4 c6 3. Nc3 Nf6 4. Nf3 e6 5. e3 Nbd7 6. Qc2 Bd6 7. b3 0-0 8. Be2 e5 9. Bb2 Qe7 10. 0-0 e4 11. Nd2 a6 12. c5 Bc7 13. b4 Qe6 14. h3 Ne8 15. a4 f5 16. f4 exf3 17. Rxf3 Ndf6 18. a5 Qe7 19. Nf1 g6 20. Bc1 Ng7 21. Bd3 Bd7 22. Bd2 Ne4 23. Be1 Ne6 24. Bxe4 fxe4 25. Rxf8+ Rxf8 26. Ne2 Qg5 27. Qd2 h5 28. Bg3 Bxg3 29. Nfxg3 Ng7 30. Kh2 h4 31. Nh1 Nh5 32. Rg1 Kh7 33. Rc1 Kg7 34. Rd1 Kg8 35. Rc1 Kg7 36. Rd1 Qf5 37. Kg1 g5 38. Qe1 Qf6 39. Qf2 Qe7 40. Qe1 g4 41. hxg4 Bxg4 42. Nf2 Bc8 43. Nc3 Qg5 44. Ncxe4 dxe4 45. Nxe4 Qg4 46. Nd6 Ng3 47. Rd2 Rf1+ 48. Qxf1 Nxf1 49. Kxf1 Be6 50. Nxb7 Bc4+ 51. Kg1 Qg3 52. Rf2 h3 53. Rc2 Bd5 54. Nd6 Qg6 55. Rf2 hxg2 56. e4 Bxe4 57. Nxe4 Qxe4 58. Rxg2+ Kf7 59. Rf2+ Ke6 60. Kf1 Qxd4 61. Re2+ Kd5 62. Ke1 Qxb4+ 0-1

[Event "AZE-ch (Women)"]
[Site "Baku"]
[Date "2016.03.16"]
[Round "2"]
[White "Katanova, Aynur"]
[Black "Asgarova, Turan Nizami Qizi"]
[Result "0-1"]
[WhiteElo "1747"]
[BlackElo "1966"]
[PlyCount "102"]
[EventDate "2016.03.15"]
[EventType "swiss"]
[EventRounds "9"]
[EventCountry "AZE"]
[SourceTitle "CBM 171 Extra"]
[Source "ChessBase"]
[SourceDate "2016.04.26"]
[SourceVersion "1"]
[SourceVersionDate "2016.04.26"]
[SourceQuality "1"]

1. d4 d5 2. c4 e6 3. Nc3 Nf6 4. Bg5 Be7 5. e3 0-0 6. Nf3 Nbd7 7. Bd3 b6 8. 0-0 Bb7 9. cxd5 exd5 10. Rc1 h6 11. Bh4 c6 12. Qe2 Re8 13. Ba6 Qc8 14. Bxb7 Qxb7 15. Rc2 Rac8 16. Rfc1 Bf8 17. h3 Ne4 18. Nxe4 Rxe4 19. Bg3 Re6 20. Rc3 Rce8 21. Qc2 c5 22. dxc5 bxc5 23. Rb3 Rb6 24. Rxb6 axb6 25. Rd1 Nf6 26. Qd3 c4 27. Qc2 Ne4 28. Bf4 b5 29. a3 Bc5 30. Nd2 d4 31. exd4 Bxd4 32. Nxe4 Qxe4 33. Qxe4 Rxe4 34. Bc1 Bf6 35. Kf1 Kf8 36. Rd5 Re5 37. Rxe5 Bxe5 38. Ke2 Bd4 39. Kf3 Ke7 40. Ke4 Bxf2 41. Kd5 Kd7 42. Bf4 f6 43. Bd6 Bd4 44. Bf8 Bxb2 45. Bxg7 h5 46. g4 hxg4 47. hxg4 Ke7 48. g5 Kf7 49. gxf6 Bxa3 50. Bh6 c3 51. Kd4 b4 0-1

[Event "EU-ch U16 Girls 25th"]
[Site "Porec"]
[Date "2015.09.30"]
[Round "9"]
[White "Katanova, Aynur"]
[Black "Weis, Olga"]
[Result "1-0"]
[WhiteElo "1613"]
[BlackElo "1949"]
[PlyCount "81"]
[EventDate "2015.09.21"]
[EventType "swiss"]
[EventRounds "9"]
[EventCountry "CRO"]
[SourceTitle "EXT 2016"]
[Source "ChessBase"]
[SourceDate "2015.10.08"]
[SourceVersion "1"]
[SourceVersionDate "2015.10.08"]
[SourceQuality "1"]

1. d4 Nf6 2. c4 c5 3. Nf3 cxd4 4. Nxd4 b6 5. Bf4 a6 6. e3 d6 7. Bg3 Bb7 8. Nc3 Nbd7 9. Nf3 g6 10. Be2 Bg7 11. 0-0 0-0 12. Nd4 Nc5 13. Bf3 Nfe4 14. Nxe4 Nxe4 15. Re1 d5 16. Bxe4 dxe4 17. Re2 Qc8 18. Rc1 e5 19. Nb3 f5 20. Bh4 f4 21. Rd2 Bh6 22. Rc3 Qf5 23. Be7 Rfe8 24. Ba3 Bg5 25. c5 Rac8 26. h4 fxe3 27. fxe3 Bxh4 28. cxb6 Rxc3 29. bxc3 Rf8 30. Bxf8 Qxf8 31. Qf1 Qc8 32. Na5 Kg7 33. Qc4 Qf5 34. Nxb7 Qg5 35. Qxe4 Qg3 36. Rd7+ Kh6 37. Qf3 Qe1+ 38. Kh2 Be7 39. Qh3+ Bh4 40. Qf3 Kg5 41. Nd6 1-0

[Event "EU-ch U16 Girls 25th"]
[Site "Porec"]
[Date "2015.09.29"]
[Round "8"]
[White "Ivkovic, Aleksandra"]
[Black "Katanova, Aynur"]
[Result "1-0"]
[WhiteElo "1893"]
[BlackElo "1613"]
[PlyCount "119"]
[EventDate "2015.09.21"]
[EventType "swiss"]
[EventRounds "9"]
[EventCountry "CRO"]
[SourceTitle "EXT 2016"]
[Source "ChessBase"]
[SourceDate "2015.10.08"]
[SourceVersion "1"]
[SourceVersionDate "2015.10.08"]
[SourceQuality "1"]

1. e4 c6 2. Nf3 d5 3. Nc3 Bg4 4. h3 Bxf3 5. Qxf3 d4 6. Ne2 e5 7. Ng3 Nf6 8. Bc4 b5 9. Bb3 Nbd7 10. a3 Nc5 11. Ba2 h5 12. d3 h4 13. Ne2 Be7 14. g3 hxg3 15. Qxg3 Qc7 16. Nxd4 0-0-0 17. Nf3 Bd6 18. Be3 Ne6 19. Bxe6+ fxe6 20. Ng5 Qe7 21. 0-0-0 Rdf8 22. Rde1 Kb7 23. h4 Nh5 24. Qg4 Nf4 25. Bxf4 Rxf4 26. Qg3 Bc5 27. f3 g6 28. Rh2 a5 29. Reh1 Rh5 30. Qe1 Ka6 31. Kb1 b4 32. axb4 Bxb4 33. c3 Bd6 34. Qd1 Rf8 35. Qa4 Qb7 36. Qa2 Qb5 37. Kc2 Rb8 38. Nxe6 Rbh8 39. Rh3 Qb6 40. Qc4+ Qb5 41. Qxb5+ Kxb5 42. Ng5 Be7 43. Ne6 g5 44. d4 exd4 45. Nxd4+ Kc5 46. Nf5 Bf8 47. Kd3 Bd6 48. b4+ axb4 49. cxb4+ Kxb4 50. Nxd6 Rd8 51. e5 Kc5 52. Ke4 Kb4 53. hxg5 Rxh3 54. Rxh3 c5 55. f4 c4 56. Nxc4 Kxc4 57. f5 Rg8 58. f6 Kc5 59. e6 Kd6 60. Kf5 1-0